Southville International School and Colleges
Your cart is empty.
  • Cart
  • Lists
    Public lists Eva Luna New books Lux_list list_1
    Your lists Log in to create your own lists
  • Log in to your account
  • Your cookies
  • Search history
Southville International School and Colleges
  • Advanced search
  • Recent comments
  • Most popular
  • Libraries

Log in to your account

Log in with GOOGLE


If you do not have an external account, but do have a local account, you can still log in:

  1. Home
  2. MARC view: Action plan for IELTS /
Normal view MARC view ISBD view

Action plan for IELTS / (Record no. 39624)

[ view plain ]
MARC details
000 -LEADER
fixed length control field 00609nam a2200193 a 4500
005 - DATE AND TIME OF LATEST TRANSACTION
control field 20140311163030.0
008 - FIXED-LENGTH DATA ELEMENTS--GENERAL INFORMATION
fixed length control field 100113s19uu xx 00 eng d
020 ## - INTERNATIONAL STANDARD BOOK NUMBER
International Standard Book Number 9780521615273
050 ## - LIBRARY OF CONGRESS CALL NUMBER
Classification number PE 1128
Item number .J25aca 2006
100 ## - MAIN ENTRY--PERSONAL NAME
Personal name Jakeman, Vanessa
245 ## - TITLE STATEMENT
Title Action plan for IELTS /
Statement of responsibility, etc Vanessa Jakeman.
260 ## - PUBLICATION, DISTRIBUTION, ETC. (IMPRINT)
Place of publication, distribution, etc U.S.A :
Name of publisher, distributor, etc Cambridge University Press,
Date of publication, distribution, etc 2006.
300 ## - PHYSICAL DESCRIPTION
Extent 128 p. :
Other physical details ill. some col. ;
Dimensions 27 cm.
650 ## - SUBJECT ADDED ENTRY--TOPICAL TERM
Topical term or geographic name as entry element International English Language System.
650 ## - SUBJECT ADDED ENTRY--TOPICAL TERM
Topical term or geographic name as entry element English Language
General subdivision Examinations, study guides.
700 ## - ADDED ENTRY--PERSONAL NAME
Personal name McDowell, Clare
942 ## - ADDED ENTRY ELEMENTS (KOHA)
Koha item type Books
Source of classification or shelving scheme Library of Congress Classification
Call number prefix Foreign
Holdings
Withdrawn status Lost status Source of classification or shelving scheme Damaged status Home library Current library Shelving location Date acquired Source of acquisition Total Checkouts Total Renewals Full call number Barcode Date last seen Date checked out Copy number Price effective from Koha item type
    Library of Congress Classification   College Library College Library General Circulation Section 01/13/2010 Donation 1 5 PE 1128 .J25aca 2006 C11054 11/28/2019 07/26/2019 1 10/18/2013 Books

Action plan for IELTS /

APA

Jakeman V., McDowell C., . (2006). Action plan for IELTS. U.S.A: Cambridge University Press.

Chicago

Jakeman Vanessa, McDowell Clare, . 2006. Action plan for IELTS. U.S.A: Cambridge University Press.

Harvard

Jakeman V., McDowell C., . (2006). Action plan for IELTS. U.S.A: Cambridge University Press.

MLA

Jakeman Vanessa, McDowell Clare, . Action plan for IELTS. U.S.A: Cambridge University Press. 2006.

  • Place hold
  • Print
  • Cite
  • Add to your cart (remove)
  • Save record
    BIBTEX Dublin Core MARCXML MARC (non-Unicode/MARC-8) MARC (Unicode/UTF-8) MARC (Unicode/UTF-8, Standard) MODS (XML) RIS
  • More searches
    Search for this title in:
    Other Libraries (WorldCat) Other Databases (Google Scholar) Online Stores (Bookfinder.com) Open Library (openlibrary.org)

Exporting to Dublin Core...

SOUTHVILLE LIBRARY

Southville International School and Colleges Library

1281 Tropical Ave. Cor. Luxembourg St., BF Homes International, Las Pinas City

Tel. No. 8256374 / 252358 Loc. 117/146

Powered by Koha